Statystyki dla Sąsiedzi byłej Jugosławii

Kliknij tutaj aby rozwiązać quiz!

Ogólne statystyki

  • Ten quiz został rozwiązany 239 razy
  • Średni wynik to 7 z 7

Statystyki odpowiedzi

Państwo% Poprawnych
Grecja
97%
Rumunia
96%
Węgry
95%
Austria
94%
Bułgaria
94%
Albania
92%
Włochy
91%

Rozkład punktacji

Percentyl według liczby udzielonych odpowiedzi

Procent ludzi z każdym wynikiem

Twoja historia wyników

Nie rozwiązałeś tego quizu